BUBT Library Online Catalog

Report Writing in Business the effective communication of information (Record no. 158)

000 -LEADER
fixed length control field 00993nam a22002657a 4500
008 - FIXED-LENGTH DATA ELEMENTS--GENERAL INFORMATION
fixed length control field 130420b xxu||||| |||| 00| 0 eng d
020 ## - INTERNATIONAL STANDARD BOOK NUMBER
International Standard Book Number 81-7649-190-0
037 ## - SOURCE OF ACQUISITION
Stock number 725
Form of issue books
040 ## - CATALOGING SOURCE
Original cataloging agency Mawlana Bhashani Science and Technology University Library
Modifying agency Mawlana Bhashani Science and Technology University Library
082 ## - DEWEY DECIMAL CLASSIFICATION NUMBER
Edition number 22
Classification number 808.042
Item number 20
100 ## - MAIN ENTRY--PERSONAL NAME
Personal name Bently, T J
245 ## - TITLE STATEMENT
Title Report Writing in Business the effective communication of information
250 ## - EDITION STATEMENT
Edition statement 1st edition
Remainder of edition statement 1st edition
260 ## - PUBLICATION, DISTRIBUTION, ETC. (IMPRINT)
Place of publication, distribution, etc. New Delhi
Name of publisher, distributor, etc. Vinodvasishtha
Date of publication, distribution, etc. 2001
300 1# - PHYSICAL DESCRIPTION
Extent 13cm
-- 7.5cm
Dimensions Books
Type of unit Hard
Size of unit 13 cm
440 ## - SERIES STATEMENT/ADDED ENTRY--TITLE
Volume/sequential designation 1
International Standard Serial Number none
500 ## - GENERAL NOTE
General note This books is English Language books
505 ## - FORMATTED CONTENTS NOTE
Title The Effective Communication of Information
521 ## - TARGET AUDIENCE NOTE
Source Buy
526 ## - STUDY PROGRAM INFORMATION NOTE
Reading level Bsc, Msc, Bss,BA students
650 ## - SUBJECT ADDED ENTRY--TOPICAL TERM
Source of heading or term The Effective communication of information
700 ## - ADDED ENTRY--PERSONAL NAME
Titles and other words associated with a name The Effective communication of information
270 ## - ADDRESS
Address Vinodvasishtha, New Delhi, India
City New Delhi
Country India
942 ## - ADDED ENTRY ELEMENTS (KOHA)
Source of classification or shelving scheme
Koha item type Books
Call number prefix BE
Call number suffix R

No items available.

More Information About Library

Library Hours

  • Open: 9.00 am. to 9.00 pm.
  • Only Sunday: 9.00 am. to 6.00 pm.
  • Closed: Holiday

Contact to the University

Bangladesh University of Business and Technology Library

  • Mirpurl-2, 1216.
  • Phone:
  • Fax:
  • E-Mail: admin.library@bubt.edu.bd

Contact to the Library

Contact Person:

Md. Abdul Hakim Shah
Joint Librarian
PABX No:  113
Cell No: 01816332931
E-mail: official: admin.library@bubt.edu.bd
Personal: hakim.shah@bubt.edu.bd


BUBT Library

Copyright © 2021